000
00242nam a2200097Ia 4500
008
120527s9999 xx 000 0 und d
100
_a
OBINNE,C.
245
_a
Fundamentals of agruicultural extension.
260
_b
ABIC Publishers
942
_c
BK
999
_c
24124
_d
24124